| 000 | 00596nam a2200169 a 4500 | ||
|---|---|---|---|
| 005 | 20140412111302.0 | ||
| 008 | 010502s19uu xx 00 eng d | ||
| 020 | _a0-14-055765-2 | ||
| 050 |
_aTR(PS E _bPa13 1990 |
||
| 100 | _aBond, Michael | ||
| 245 |
_aPaddington's opposites / _cby Michael Bond; illustrated by John Lobban. |
||
| 260 |
_aU. S. A : _bPuffin Books, _c1990. |
||
| 300 | _a1v. (unp.) ; ill. | ||
| 520 | _aPaddington Bear show young children that learning about opposites can be fun with a helping paw and a marmalade sandwich or two. | ||
| 650 | _aOpposites | ||
| 999 |
_c103432 _d103432 |
||